000 00906nam a2200229 a 4500
001 000102997
003 AM-YEHGA
005 20250617122240.0
008 950417s1989 ru |||||||||| rus d
040 _aAM-YeHGA
041 0 _arus
100 1 _aПрокопьев, А.В.
245 1 0 _aКинематика мезозойской складчатости западной части Южного Верхоянья /
_cА.В. Прокопьев ; АН СССР, Сиб. отд-ние, Якут. ин-т геол. наук.
260 _aЯкутск :
_bАН СССР. Сиб. отд-ние. Якутский фил.,
_c1989.
300 _a128,[1] с. :
_bил. ;
_c26 см.
520 _aБиблиогр.: с. 124-128
650 1 4 _aВерхоянский хр.
650 1 4 _aМезозой
650 1 4 _aСкладчатость горных пород
942 _2udc
_cBK
090 _c33764
999 _c33279
_d33279